| 000 | 00907cab a22002295a 4500 | ||
|---|---|---|---|
| 001 | L144252 | ||
| 008 | 080707s2008 xxk f 000 0 eng d | ||
| 035 | _a(Sirsi) u144252 | ||
| 041 | 0 | _aeng | |
| 100 | 1 | _aHolmes, Nick | |
| 245 | 0 | 0 | _aTaper relief |
| 260 | _c2008 | ||
| 490 | 0 |
_aSouth East Farmer _vJune 2008, 48(1) |
|
| 520 | _aExplains that there have been changes to the ten pence tax rate and on capital gains tax reform in 2008, and what these changes are. Taper relief and indexation have been abolished. Explains how these changes will affect farmers and landowners, using a farm sale as a worked example. | ||
| 590 | _aKA | ||
| 650 | 2 | 4 | _aTAXATION OF CHARGEABLE GAINS ACT 1992 |
| 650 | 2 | 4 | _aBUSINESS ASSET TAPER RELIEF |
| 650 | 2 | 4 | _aCAPITAL GAINS TAX |
| 651 | 4 |
_aEngland and Wales _y1543- |
|
| 690 | _aPROPERTY-PROPERTY TAXATION-PROPERTY TAX ALLOWANCES-CAPITAL ALLOWANCES | ||
| 942 | _n0 | ||
| 999 |
_c80400 _d80400 |
||